Групповая агрегатная установка для расточки корпусов редукторов; Известия Томского политехнического института [Известия ТПИ]; Т. 114

Bibliographic Details
Parent link:Известия Томского политехнического института [Известия ТПИ]/ Томский политехнический институт (ТПИ).— , 1944-1976
Т. 114.— 1964.— [С. 190-192]
Main Author: Варлаков В. Д.
Other Authors: Рябовол И. И.
Summary:Заглавие с титульного листа
Электронная версия печатной публикации
Language:Russian
Published: 1964
Subjects:
Online Access:Черно-белая версия для предварительного просмотра
Цветная версия без потери качества
Format: MixedMaterials Electronic Book Chapter
KOHA link:https://koha.lib.tpu.ru/cgi-bin/koha/opac-detail.pl?biblionumber=202778

MARC

LEADER 00000nla2a2200000 4500
001 202778
005 20231031185430.0
035 |a (RuTPU)RU\TPU\book\220972 
035 |a RU\TPU\book\220971 
090 |a 202778 
100 |a 20111020d1964 k y0rusy50 ca 
101 0 |a rus 
102 |a RU 
135 |a drnn ---uucaa 
181 0 |a i  
182 0 |a b 
200 1 |a Групповая агрегатная установка для расточки корпусов редукторов   |b Электронный ресурс  |f В. Д. Варлаков, И. И. Рябовол 
203 |a Текст  |c электронный 
215 |a 2 файла (160 Кб, 4.8 Мб) 
230 |a Электронные текстовые данные (2 файла : 160 Кб, 4.8 Мб) 
300 |a Заглавие с титульного листа 
300 |a Электронная версия печатной публикации 
337 |a Adobe Reader 
461 1 |0 (RuTPU)RU\TPU\book\200995  |t Известия Томского политехнического института [Известия ТПИ]  |f Томский политехнический институт (ТПИ)  |d 1944-1976 
463 1 |0 (RuTPU)RU\TPU\book\220931  |t Т. 114  |v [С. 190-192]  |d 1964  |p 216 с. 
610 1 |a электронный ресурс 
610 1 |a труды учёных ТПУ 
700 1 |a Варлаков  |b В. Д. 
701 1 |a Рябовол  |b И. И. 
801 1 |a RU  |b 63413507  |c 20090320  |g PSBO 
801 2 |a RU  |b 63413507  |c 20111120  |g PSBO 
856 4 |u http://www.lib.tpu.ru/fulltext/v/Bulletin_TPU/1964/v114/33_bw.pdf  |z Черно-белая версия для предварительного просмотра 
856 4 |u http://www.lib.tpu.ru/fulltext/v/Bulletin_TPU/1964/v114/33_full.pdf  |z Цветная версия без потери качества 
942 |c CF